Đánh giá ảnh hưởng của việc sử dụng đất đến nguồn tài nguyên nước trên lưu vực sông Cầu, phục vụ phát triển bền vững kinh tế xã hội và môi trường /

Salvato in:
Dettagli Bibliografici
Autore principale: Phạm Thị Hương Lan, TS.
Natura: Articolo
Lingua:Vietnamese
Soggetti:
Tags: Aggiungi Tag
Nessun Tag, puoi essere il primo ad aggiungerne! !
Thư viện lưu trữ: Thư viện Trường Đại học Đà Lạt
LEADER 00966nam a2200265 4500
001 DLU090084202
005 ##20091104
040 # # |a DLU  |b vie 
041 # # |a vie 
044 # # |a vn 
100 # # |a Phạm Thị Hương Lan,   |c TS. 
245 # # |a Đánh giá ảnh hưởng của việc sử dụng đất đến nguồn tài nguyên nước trên lưu vực sông Cầu, phục vụ phát triển bền vững kinh tế xã hội và môi trường /  |c Phạm Thị Hương Lan. 
653 # # |a Phát triển bền vững 
653 # # |a Tài nguyên đất 
653 # # |a Tài nguyên thiên nhiên 
773 # # |t Nông nghiệp và phát triển nông thôn  |g Số 7(124), 2008, tr.94-98 
920 # # |a Phòng Tạp chí -- Trung tâm Thông tin - Thư viện Trường Đại học Đà Lạt 
994 # # |a DLU 
900 # # |a True 
911 # # |a Nguyễn Thị Linh Chi 
925 # # |a G 
926 # # |a A 
927 # # |a BB 
980 # # |a Thư viện Trường Đại học Đà Lạt